000 00613cam a2200217 4500500
005 20260329004721.0
041 _afre
042 _adc
100 1 0 _aN’Diaye, Aïda
_eauthor
245 0 0 _aComme un empire dans un empire
260 _c2020.
500 _a47
690 _aAlice Zeniter
690 _aCrise
690 _aEmpire
690 _aHacker
690 _aRévolution
690 _aSpinoza
786 0 _nPhilosophie magazine | 145 | 1 | 2020-12-01 | p. 82-82 | 1951-1787
856 4 1 _uhttps://shs.cairn.info/magazine-philosophie-magazine-2020-12-1-page-82?lang=fr&redirect-ssocas=7080
999 _c1836595
_d1836595